French verse-art : a study /

Bibliographic Details
Main Author: Scott, Clive, 1943-
Format: Book
Language:English
Published: Cambridge [England] ; New York, N.Y. : Cambridge University Press, 1980.
Subjects:

MARC

Tag First Indicator Second Indicator Subfields
LEADER 00000pam a2200000 a 4500
001 in00000645021
005 20151015064451.0
008 790706s1980 enk b 00110 engm
010 |a  79050508  
020 |a 0521226899 :  |c $25.00 
035 |a (OCoLC)05219009 
035 |9 ACW3045AM 
040 |a DLC  |c DLC  |d m.c.  |d TXA  |d UtOrBLW 
049 |a TXAM  |c [1800780] 
050 0 0 |a PC2511  |b .S3 
082 0 |a 426 
100 1 |a Scott, Clive,  |d 1943- 
245 1 0 |a French verse-art :  |b a study /  |c Clive Scott. 
264 1 |a Cambridge [England] ;  |a New York, N.Y. :  |b Cambridge University Press,  |c 1980. 
300 |a xv, 252 pages ;  |c 23 cm. 
336 |a text  |b txt  |2 rdacontent 
337 |a unmediated  |b n  |2 rdamedia 
338 |a volume  |b nc  |2 rdacarrier 
500 |a Includes index. 
504 |a Bibliography: pages 244-248. 
650 0 |a French language  |x Versification. 
650 0 |a English language  |x Versification. 
999 |a MARS 
999 f f |s f9def91a-3da4-377c-9fa1-9ce55d81f2c3  |i 389c9d01-cb8e-33c6-8e98-fdf8b720daaa  |t 0 
952 f f |p ric  |a Texas A&M University  |b Rellis Campus  |c Joint Library Facility  |s JLF  |d Remote Storage  |t 0  |e PC2511 .S3  |h Library of Congress classification  |i unmediated -- volume  |m A14803566866 
998 f f |a PC2511 .S3  |t 0  |l Remote Storage